[Event "93rd ch-GBR"]
[Site "Swansea WLS"]
[Date "2006.08.08"]
[Round "2"]
[White "Tippleston,C"]
[Black "Bonafont,P"]
[Result "0-1"]
[WhiteElo "2203"]
[BlackElo "2118"]

1.e4 c5 2.c3 Nf6 3.e5 Nd5 4.d4 cxd4 5.Nf3 Nc6 6.Bc4 Nb6 7.Bb3 d5 8.exd6 Qxd6
9.O-O Be6 10.Bxe6 Qxe6 11.Nxd4 Nxd4 12.Qxd4 Rd8 13.Qf4 Qc4 14.Qxc4 Nxc4 15.b3 Nd6
16.c4 e6 17.Nc3 Be7 18.Bb2 O-O 19.Rad1 Nf5 20.Ne4 h5 21.g3 a6 22.Kg2 f6 23.h3 Kf7
24.Kf3 g5 25.Ke2 Nd6 26.Nxd6+ Bxd6 27.g4 h4 28.Rd3 Bc7 29.Rfd1 Rxd3 30.Rxd3 Rd8
31.Rxd8 Bxd8 32.c5 Ke7 33.Kd3 Kd7 34.b4 Kc6 35.Kc4 b5+ 36.cxb6 Kxb6 37.a4 Be7
38.Bd4+ Kc6 39.b5+ axb5+ 40.axb5+ Kb7 41.f3 Bd8 42.Kd3 Be7 43.Kc4 Bd8 44.Bc3 Kb6
45.Bd2 Be7 46.Be3+ Kb7 47.Bc5 Bd8 48.Bd6 Kb6 49.Bf8 Bc7 50.Be7 Be5 51.Bd8+ Kb7
52.Kc5 Kc8 53.Be7 Kd7 54.Bf8 f5 55.b6 Bf4 56.Kb5 e5 57.gxf5 e4 58.Bc5 exf3
59.Kc4 g4 60.hxg4 h3 61.Bg1 f2 62.Bxf2 h2  0-1

[Event "ch-Euro Senior"]
[Site "Davos SUI"]
[Date "2006.08.09"]
[Round "5"]
[White "Feller,J"]
[Black "Chernikov,O"]
[Result "0-1"]
[WhiteElo "2135"]
[BlackElo "2422"]

1.e4 c5 2.c3 Nf6 3.e5 Nd5 4.Nf3 e6 5.d4 cxd4 6.cxd4 b6 7.Nc3 Bb7 8.Bd3 Na6
9.Nxd5 Bxd5 10.Bxa6 b5 11.O-O Qb6 12.Bxb5 Qxb5 13.b3 Qb7 14.Re1 Bb4 15.Re3 O-O
16.Qd3 Be7 17.Nd2 Bxg2 18.Rg3 Bd5 19.Rh3 g6 20.Qe3 f5 21.Nc4 f4 22.Qe1 Rf5
23.f3 Bxf3  0-1

[Event "Open"]
[Site "Genova ITA"]
[Date "2006.08.09"]
[Round "3"]
[White "Bontempi,P"]
[Black "Velikov,P"]
[Result "1-0"]
[WhiteElo "2318"]
[BlackElo "2465"]

1.e4 c5 2.c3 Nf6 3.Bd3 Nc6 4.Nf3 e6 5.Bc2 d5 6.e5 Nd7 7.d4 cxd4 8.cxd4 Nb6
9.Nc3 Bd7 10.O-O Be7 11.Re1 a5 12.Qd2 a4 13.Qf4 Nb4 14.Bb1 Nc4 15.a3 Na6
16.h4 h6 17.Qg4 Bf8 18.Qh5 Qe7 19.Bg5 hxg5 20.Qxh8 gxh4 21.Re2 Rc8 22.Bd3 b5
23.Nd1 Nb8 24.Ne3 Nc6 25.Rd1 Kd8 26.Bb1 N6a5 27.Nxh4 Kc7 28.Nf3 Kb6 29.Qh3 b4
30.axb4 Nb3 31.Ne1 Nxe3 32.fxe3 Qxb4 33.Nd3 Qb5 34.Rf2 Be8 35.Qh8 Be7 36.Qxg7 Na5
37.Rdf1 Rc7 38.Qh6 Nc6 39.Rc1 Nb4 40.Rxc7 Kxc7 41.Qh7 Nc6 42.Bc2 Qc4 43.Qg8 Kd7
44.Nf4 Qb4 45.Rf1 Na5 46.Nh5 Nc4 47.Ng7 Nxe3 48.Rc1 Kc7 49.Nxe8+ Kb6 50.Nd6 Bxd6
51.exd6 Qxd4 52.Qb8+ Ka6 53.Qc8+ Kb6 54.Qc3 Qxc3 55.bxc3 Kc6 56.Bxa4+ Kxd6
57.Bb5 Kc5 58.Be8 f5 59.Bh5 Kc4 60.Be2+ Kb3 61.Kf2 f4 62.g3 Kb2 63.gxf4 Nf5
64.Re1 Kxc3 65.Bg4  1-0

[Event "93rd ch-GBR"]
[Site "Swansea WLS"]
[Date "2006.08.10"]
[Round "4"]
[White "Roberson,P"]
[Black "Devereaux,M"]
[Result "0-1"]
[WhiteElo "2122"]
[BlackElo "2377"]

1.e4 c5 2.c3 Nf6 3.e5 Nd5 4.Nf3 Nc6 5.Bc4 Nb6 6.Bb3 c4 7.Bc2 Qc7 8.Qe2 g5
9.h3 Bg7 10.O-O Nxe5 11.Nxg5 d5 12.a4 Bd7 13.Re1 O-O-O 14.a5 Na8 15.a6 b6
16.b3 Kb8 17.d4 cxd3 18.Bxd3 h6 19.Bf4 hxg5 20.Bxe5 Bxe5 21.Qxe5 e6 22.Nd2 Qxe5
23.Rxe5 f6 24.Re2 Nc7 25.c4 Bc8 26.Nf3 e5 27.cxd5 Nxd5 28.Rd2 Nb4 29.Bc4 g4
30.hxg4 Bxg4 31.Rad1 Rxd2 32.Rxd2 Kc7 33.Ne1 Rd8 34.Rxd8 Kxd8 35.Nd3 Nxd3
36.Bxd3 Kc7 37.f3 Bc8 38.Kf2 Kc6 39.Ke3 Kc5 40.f4 exf4+ 41.Kxf4 Kb4 42.Bc4 b5
43.Bf7 Kc3 44.g4 Kd4 45.Bg8 Kc5 46.Bf7 Bxa6 47.Kf5 Bc8+ 48.Be6 Bxe6+ 49.Kxe6 a5
50.Kxf6 a4  0-1

[Event "ch-Euro Senior"]
[Site "Davos SUI"]
[Date "2006.08.12"]
[Round "8"]
[White "Jentsch,D"]
[Black "Dotan,V"]
[Result "1/2-1/2"]
[WhiteElo "2200"]
[BlackElo "2027"]

1.e4 c5 2.c3 Nf6 3.e5 Nd5 4.Nf3 Nc6 5.d4 cxd4 6.cxd4 d6 7.Nc3 e6 8.Bd3 Be7
9.O-O dxe5 10.dxe5 Ncb4 11.Bb5+ Bd7 12.Be2 Qb6 13.Rb1 Qc7 14.Nb5 Qa5 15.a4 a6
16.Nc3 O-O 17.Qd4 Rfd8 18.Qg4 Qc7 19.Bh6 Bf8 20.Ne4 Kh8 21.Bg5 Rdc8 22.Rbc1 Bc6
23.Bd2 Qd7 24.b3 a5 25.Rfd1 Qe8 26.Nd4 Bd7 27.Qf3 Nc6 28.Nxc6 Bxc6 29.Bd3 f5
30.exf6 Nxf6 31.Re1 Rd8 32.Bg5 Be7 33.Bxf6 Bxf6 34.Nxf6 Bxf3 35.Nxe8 Bc6
36.Nxg7 Rxd3 37.Nxe6 Rxb3 38.Nc5 Rb4 39.Re7 Rd8 40.h4 Rb2 41.Ne6 Rg8 42.g3 Re2
43.Kf1 Re4 44.Re1 Rxe1+ 45.Kxe1 Re8 46.Rxe8+ Bxe8 47.Kd2 Bxa4 48.Nd8 b6 49.Nf7+ Kg7
50.Nd6 Bb3 51.Kc3 Bd5 52.Nc8 b5 53.Kd4 b4 54.Nb6 Be6 55.Na4 Bd7 56.Nb6 Be6
57.Na4 Bd7  1/2-1/2

[Event "Open"]
[Site "Genova ITA"]
[Date "2006.08.13"]
[Round "8"]
[White "Bontempi,P"]
[Black "Martinez,Ro"]
[Result "0-1"]
[WhiteElo "2318"]
[BlackElo "2399"]

1.e4 c5 2.c3 Nf6 3.Bd3 Nc6 4.Nf3 d5 5.e5 c4 6.Bc2 Ng4 7.Ba4 Qc7 8.d4 cxd3
9.Qxd3 e6 10.Qd4 h5 11.h3 Nh6 12.Bxh6 Rxh6 13.O-O Bd7 14.Qf4 f6 15.Re1 O-O-O
16.Bxc6 bxc6 17.Nbd2 g5 18.Qg3 g4 19.hxg4 hxg4 20.Qxg4 Bc5 21.b4 Rdh8 22.g3 Bb6
23.Qf4 fxe5 24.Qxe5 Qxe5 25.Nxe5 Rh1+ 26.Kg2 R8h2+ 27.Kf3 Rxf2+ 28.Kg4 Rxe1
29.Rxe1 Rxd2 30.Rh1 Re2  0-1

[Event "Open"]
[Site "Predeal ROM"]
[Date "2006.08.13"]
[Round "2"]
[White "Szabo,G ROM"]
[Black "Baratosi,D"]
[Result "1-0"]
[WhiteElo "2465"]
[BlackElo "2329"]

1.e4 c5 2.c3 Nf6 3.e5 Nd5 4.d4 cxd4 5.Nf3 e6 6.cxd4 b6 7.Nc3 Nxc3 8.bxc3 Qc7
9.Bd2 Bb7 10.Bd3 d6 11.O-O Nd7 12.Ng5 dxe5 13.Qh5 g6 14.Qh3 Be7 15.Rae1 Bxg5
16.Bxg5 f5 17.dxe5 O-O 18.Be7 Nxe5 19.Bxf8 Rxf8 20.Rd1 Nxd3 21.Qxd3 Bd5 22.Qd2 Rc8
23.h4 Qe7 24.h5 Qh4 25.Qe3 Rc4 26.hxg6 hxg6 27.Rd4 Rxd4 28.cxd4 b5 29.Rc1 Bc4
30.Rxc4 bxc4 31.Qxe6+ Kg7 32.Qxc4 Qe4 33.g3 Qe1+ 34.Kg2 Qe4+ 35.Kh2 Kh6 36.Qc5 g5
37.Qxa7 Qf3 38.Qb6+ Kh5 39.Qb2 f4 40.Qc2 Qd5 41.Qh7+  1-0

[Event "Acropolis Women's Open"]
[Site "Athens GRE"]
[Date "2006.08.14"]
[Round "2"]
[White "Nikolaidou,E"]
[Black "Sperdokli,E"]
[Result "0-1"]
[WhiteElo "1897"]
[BlackElo "2129"]

1.e4 c5 2.c3 Nf6 3.e5 Nd5 4.Nf3 e6 5.Bc4 Nb6 6.Bb3 c4 7.Bc2 d6 8.exd6 Bxd6
9.O-O Qc7 10.Qe2 Bd7 11.b3 cxb3 12.axb3 Nd5 13.g3 a6 14.Na3 Be7 15.Ne5 Bf6
16.Ng4 h5 17.Nxf6+ Nxf6 18.c4 Nc6 19.d4 Nxd4 20.Qd3 Nxc2 21.Nxc2 Bc6 22.Bf4 Rd8
23.Bxc7 Rxd3 24.Nb4 Rd7 25.Be5 Bf3 26.Rfe1 O-O 27.Bxf6 gxf6 28.Re3 Bg4 29.Kg2 Rfd8
30.Ra5 Rd2 31.h3 Bf5 32.Rxf5 exf5 33.Rf3 a5 34.Nd5 R8xd5 35.cxd5 Rxd5 36.Rc3 Rb5
37.h4 f4 38.Rd3 fxg3 39.fxg3 Kg7 40.Kf2 Kg6 41.Ke3 Kf5 42.Kf3 Ke5 43.Ke3 f5
44.Kf3 Rb4 45.Re3+ Re4 46.Rc3 b6 47.Rc6 Rb4 48.Rc3 f4 49.gxf4+ Rxf4+ 50.Kg3 Rg4+
51.Kh3 f5 52.Rc6 Rb4 53.Rc3 Kf4 54.Rd3 Re4 55.Rd6 Re3+  0-1

[Event "Independence Cup A"]
[Site "Kyiv UKR"]
[Date "2006.08.14"]
[Round "2"]
[White "Vysochin,S"]
[Black "Abramov,Al"]
[Result "0-1"]
[WhiteElo "2555"]
[BlackElo "2266"]

1.e4 c5 2.c3 Nf6 3.e5 Nd5 4.Nf3 Nc6 5.d4 cxd4 6.cxd4 d6 7.Bc4 Nb6 8.Bb5 dxe5
9.Nxe5 Bd7 10.Nxd7 Qxd7 11.Nc3 e6 12.O-O a6 13.Bxc6 Qxc6 14.Be3 Nd5 15.Rc1 Nxc3
16.Rxc3 Qd5 17.Qg4 h5 18.Qh4 Bb4 19.Rc2 O-O 20.a3 Bd6 21.Rfc1 Rad8 22.h3 Rd7
23.Rc5 Bxc5 24.Rxc5 Qb3 25.Rxh5 Qd1+ 26.Kh2 f6 27.g4 Rd5 28.Rh8+ Kf7 29.Rxf8+ Kxf8
30.Qh8+ Kf7 31.Qc8 Qb3 32.Qc7+ Kg6 33.h4 Qb5 34.h5+ Kh7 35.Qc2+ f5 36.g5 Qc6
37.Qxc6 bxc6 38.Kg3 Rb5 39.b4 a5 40.Bd2 Rd5 41.bxa5 c5 42.a6 Rxd4 43.Be3 f4+
44.Bxf4 Rd3+ 45.f3 Rxa3 46.g6+ Kg8 47.Bd6 Ra5 48.a7 c4 49.Kf2 Rxa7 50.Bf4 c3
51.Ke2 Rd7 52.Bc1 c2 53.Bd2 Rd5 54.Ke3 Rxh5 55.Kd3 Rc5 56.Bc1 Kf8 57.Kd2 Rf5
58.Ba3+ Kg8 59.Kxc2 Rxf3  0-1

[Event "Open"]
[Site "Predeal ROM"]
[Date "2006.08.14"]
[Round "4"]
[White "Seger,R"]
[Black "Dragomirescu,R"]
[Result "1-0"]
[WhiteElo "2407"]
[BlackElo "2090"]

1.e4 c5 2.c3 Nf6 3.e5 Nd5 4.Nf3 Nc6 5.Bc4 Nb6 6.Bb3 c4 7.Bc2 Qc7 8.Qe2 g5
9.h3 Bg7 10.O-O Nxe5 11.Nxg5 h6 12.Nf3 d6 13.Re1 Bd7 14.d4 cxd3 15.Bxd3 O-O-O
16.Na3 Nxd3 17.Qxd3 e5 18.Nb5 Bxb5 19.Qxb5 f5 20.Be3 Qc6 21.a4 Qxb5 22.axb5 Kb8
23.Bxb6 axb6 24.Rad1 Kc7 25.Rd5 Rhf8 26.Nd2 Bf6 27.Nc4 f4 28.Red1 Be7 29.Kf1 Rg8
30.Nd2 Ra8 31.Ne4 Rg6 32.c4 Rag8 33.g3 fxg3 34.fxg3 Ra8 35.R5d3 Kd7 36.Rf3 Ke6
37.Nc3 Rc8 38.b3 Rcg8 39.Kf2 Ra8 40.Re1 h5 41.Nd5 Bd8 42.Nf4+  1-0

[Event "Acropolis Women's Open"]
[Site "Athens GRE"]
[Date "2006.08.16"]
[Round "4"]
[White "Nikolaidou,E"]
[Black "Paganoglou,A"]
[Result "0-1"]
[WhiteElo "1897"]
[BlackElo "1935"]

1.e4 c5 2.c3 Nf6 3.e5 Nd5 4.Nf3 e6 5.Bc4 d6 6.d4 cxd4 7.cxd4 Nc6 8.Nc3 Nxc3
9.bxc3 Qa5 10.Qd3 dxe5 11.Nxe5 Nxe5 12.dxe5 Qxe5+ 13.Be3 a6 14.Rd1 Be7 15.O-O O-O
16.Rfe1 b5 17.Bb3 Bf6 18.Bc2 Qh5 19.Bd4 Bxd4 20.cxd4 Bb7 21.Bb1 g6 22.Re3 Rfd8
23.Rh3 Qd5 24.Rg3 Rac8 25.Bc2 Qc4 26.Bb3 Qxd3 27.Rgxd3 Bd5 28.Bxd5 Rxd5 29.Kf1 Rc2
30.a3 Kf8 31.Ke1 Ke7 32.R1d2 Rxd2 33.Kxd2 Rh5 34.h3 Rg5 35.g3 Rd5 36.Kc3 a5
37.Rf3 Rf5 38.Rxf5 gxf5 39.Kd3 Kd6 40.Kc3 Kd5 41.f3 b4+ 42.axb4 axb4+  0-1

[Event "Open"]
[Site "Stare Mesto CZE"]
[Date "2006.08.16"]
[Round "7"]
[White "Bazant,P jr"]
[Black "Lahner,J"]
[Result "1-0"]
[WhiteElo "2272"]
[BlackElo "2321"]

1.e4 c5 2.c3 Nf6 3.e5 Nd5 4.d4 cxd4 5.Nf3 e6 6.cxd4 b6 7.Bd3 Ba6 8.O-O Be7
9.Nc3 Nxc3 10.bxc3 Bxd3 11.Qxd3 d5 12.exd6 Qxd6 13.Ba3  1-0

[Event "9th Open"]
[Site "Banyoles ESP"]
[Date "2006.08.17"]
[Round "1"]
[White "Trescastro Julia,J"]
[Black "Almeida,O"]
[Result "0-1"]
[WhiteElo "2090"]
[BlackElo "2475"]

1.e4 c5 2.c3 Nf6 3.e5 Nd5 4.d4 cxd4 5.cxd4 d6 6.Bc4 Nb6 7.Bb5+ Bd7 8.e6 fxe6
9.Bd3 g6 10.h4 Bc6 11.Qg4 Nd5 12.Nc3 Nf6 13.Qxe6 Bxg2 14.Rh2 Bc6 15.d5 Qd7
16.Qxd7+ Bxd7 17.Nf3 Na6 18.Bxa6 bxa6 19.Nd4 Kf7 20.f3 Rc8 21.Be3 Bg7 22.Rd1 Rxc3
23.bxc3 Nxd5 24.Bd2 Rc8 25.Rc1 h5 26.Ne2 Rc4 27.Ng3 Be5 28.f4 Nxf4 29.Rf2 Kg7
30.Rf3 Bc6  0-1

[Event "9th Open"]
[Site "Banyoles ESP"]
[Date "2006.08.17"]
[Round "1"]
[White "Tiviakov,S"]
[Black "Fabre Massana,M"]
[Result "1-0"]
[WhiteElo "2668"]
[BlackElo "2124"]

1.e4 c5 2.c3 Nf6 3.e5 Nd5 4.Nf3 d6 5.Na3 Nc6 6.exd6 exd6 7.d4 cxd4 8.Nxd4 Be7
9.Be2 O-O 10.O-O Nc7 11.Nac2 Re8 12.Be3 d5 13.Qd2 Ne6 14.Rad1 Nexd4 15.Nxd4 Ne5
16.Bf4 Bf6 17.Rfe1 Bd7 18.Nc2 Bc6 19.Nb4 Ng6 20.Be3 Be5 21.Nxd5 Qh4 22.g3 Qe4
23.Qd3 Qa4 24.Nb4 Bc7 25.Nxc6  1-0

[Event "Independence Cup A"]
[Site "Kyiv UKR"]
[Date "2006.08.17"]
[Round "5"]
[White "Kislinsky,A"]
[Black "Abramov,Al"]
[Result "1-0"]
[WhiteElo "2454"]
[BlackElo "2266"]

1.e4 c5 2.c3 Nf6 3.e5 Nd5 4.Nf3 Nc6 5.Bc4 Nb6 6.Bb3 d5 7.exd6 Qxd6 8.d4 cxd4
9.O-O Be6 10.Na3 dxc3 11.Qe2 Bxb3 12.Nb5 Qb8 13.axb3 e6 14.g3 Qc8 15.Ng5 a6
16.Qh5 Nd8 17.Nxc3 h6 18.Nge4 Be7 19.Bg5 Kf8 20.Bxe7+ Kxe7 21.Rac1 Qc6 22.Qh4+ Kf8
23.Na4 Qb5 24.Nd6 Qxb3 25.Nxb6 Qxb6 26.Nc8 Qa5 27.Rfd1 Nc6 28.Rxc6 g5 29.Qd4 e5
30.Qd6+ Kg8 31.Ne7+ Kg7 32.Qf6+  1-0

[Event "Independence Cup A"]
[Site "Kyiv UKR"]
[Date "2006.08.17"]
[Round "5"]
[White "Nogin,N"]
[Black "Baryshpolets,A"]
[Result "1/2-1/2"]
[WhiteElo "2321"]
[BlackElo "2251"]

1.e4 c5 2.c3 Nf6 3.e5 Nd5 4.Nf3 e6 5.d4 cxd4 6.Qxd4 Nc6 7.Qe4 d6 8.Bd3 dxe5
9.Nxe5 Nxe5 10.Qxe5 Bd7 11.O-O Bc6 12.Rd1 Qc7 13.Qxc7 Nxc7 14.c4 O-O-O 15.Be3 Na6
16.Nc3 Bc5 17.Bxc5 Nxc5 18.Bc2 a5 19.f3 Rxd1+ 20.Rxd1 Rd8 21.Rxd8+ Kxd8 22.Kf2 Ke7
23.Ke3 e5 24.g3 h6 25.b3 Ne6 26.a3 Nd4 27.Bd1 b6 28.b4 axb4 29.axb4 Kd6 30.f4 Nf5+
31.Kd3 exf4 32.gxf4 Ne7 33.b5 Bg2 34.Na4 Kc7 35.Kc3 g5 36.fxg5 hxg5 37.Kd4 f6
38.c5 Nf5+ 39.Kc3 bxc5 40.Nxc5 Ne3 41.Be2 Nf1 42.Bxf1 Bxf1 43.Kb4 g4 44.Ne4 f5
45.Ng3 Bd3 46.Kc3 Bxb5 47.Nxf5 Kd7 48.Kd2 Bf1  1/2-1/2

[Event "93rd ch-GBR"]
[Site "Swansea WLS"]
[Date "2006.08.17"]
[Round "11"]
[White "Surtees,M"]
[Black "Bonafont,P"]
[Result "1-0"]
[WhiteElo "2182"]
[BlackElo "2118"]

1.e4 c5 2.c3 Nf6 3.d3 Nc6 4.f4 d6 5.Nf3 g6 6.g3 Bg7 7.Bg2 O-O 8.O-O Rb8 9.Qe2 Bg4
10.Nbd2 Nd7 11.h3 Bxf3 12.Nxf3 b5 13.g4 b4 14.c4 a5 15.Be3 a4 16.Rad1 Nd4
17.Qf2 Nxf3+ 18.Bxf3 Qc7 19.Rd2 Rbc8 20.Kh1 Nb8 21.e5 dxe5 22.f5 Nd7 23.Be4 Nf6
24.Qh4 Rcd8 25.g5 Nh5 26.f6 exf6 27.gxf6 Nxf6 28.Rxf6  1-0

[Event "93rd ch-GBR"]
[Site "Swansea WLS"]
[Date "2006.08.17"]
[Round "11"]
[White "Thomas,Ni"]
[Black "Hodgson,Jo"]
[Result "1/2-1/2"]
[WhiteElo "2299"]
[BlackElo "2218"]

1.e4 c5 2.c3 Nf6 3.e5 Nd5 4.d4 cxd4 5.Nf3 Nc6 6.cxd4 d6 7.Bc4 e6 8.O-O Be7
9.exd6 Qxd6 10.Nc3 O-O 11.Re1 Nf6 12.Nb5 Qd8 13.Bf4 Bb4 14.Re2 a6 15.Nc3 b5
16.Bd3 Bb7 17.Bc2 Qb6 18.Qd3 Be7 19.a3 g6 20.Rd1 Rfd8 21.Bb3 Na5 22.Ba2 Nc4
23.Bxc4 bxc4 24.Qxc4 Bxf3 25.gxf3 Rac8 26.Qd3 Nd5 27.Be3 Nxc3 28.bxc3 Qb3
29.Rc2 Qxa3 30.c4  1/2-1/2

[Event "Acropolis Open"]
[Site "Athens GRE"]
[Date "2006.08.18"]
[Round "6"]
[White "Hadzimanolis,A"]
[Black "Klokas,K"]
[Result "0-1"]
[WhiteElo "2333"]
[BlackElo "2193"]

1.e4 c5 2.c3 Nf6 3.e5 Nd5 4.d4 cxd4 5.cxd4 d6 6.Nf3 e6 7.a3 Nc6 8.Bd3 g6
9.O-O Bg7 10.Re1 O-O 11.Be4 Qc7 12.Bxd5 exd5 13.Nc3 dxe5 14.Nxd5 Qa5 15.Nb4 Nxd4
16.Nxd4 exd4 17.Bf4 Be6 18.Qf3 Qf5 19.Qg3 Rac8 20.Be5 Rfd8 21.Bxg7 Kxg7 22.Rad1 a5
23.Nd3 Rc2 24.Re5 Qg4 25.Qxg4 Bxg4 26.f3 Bf5 27.Rxa5 Bxd3 28.Rxd3 Rxb2 29.h4 h5
30.Ra4 Rc8 31.f4 Rcc2 32.Rg3 d3 33.Rd4 d2 34.Kh2 Kf6 35.Rg5 b5 36.Rd6+ Ke7
37.Rd3 Rc4 38.f5 Rxh4+ 39.Kg3 Rh1 40.fxg6 fxg6 41.Rgd5 d1=Q 42.Rxd1 Rxd1
43.Rxd1 Rb3+ 44.Kf4 Rxa3 45.Rb1 Ra4+ 46.Kf3 b4 47.g4 hxg4+ 48.Kxg4 b3+ 49.Kg5 Rb4  0-1

[Event "Petrovskaja Ladja A1"]
[Site "Peterhof RUS"]
[Date "2006.08.18"]
[Round "8"]
[White "Karpov,Alexa"]
[Black "Gritsenko,An"]
[Result "1-0"]
[WhiteElo "2352"]
[BlackElo "2367"]

1.e4 c5 2.c3 Nf6 3.e5 Nd5 4.d4 cxd4 5.Nf3 e6 6.cxd4 d6 7.a3 Nc6 8.Bd3 Be7
9.O-O O-O 10.Qe2 b6 11.Qc2 Bb7 12.Bxh7+ Kh8 13.Bd3 Rc8 14.Qe2 dxe5 15.dxe5 g6
16.Nc3 Nxc3 17.bxc3 Na5 18.Bh6 Re8 19.c4 Bf8 20.Bf4 Bg7 21.Ng5 Kg8 22.Rad1 Qc7
23.Qg4 Nxc4 24.Bxc4 Qxc4 25.Rd7 Ba6 26.Rfd1 Rc7 27.h3 Bb5 28.Rd8 Rc8 29.R8d4 Qe2
30.Qh4 Rc4 31.Qh7+ Kf8 32.Ne4 Rxd4 33.Rxd4 Qf1+ 34.Kh2 Bc6 35.Bh6 Bxh6 36.Qxh6+ Ke7
37.Qg5+ Kf8 38.Nd6 Qxf2 39.Rh4 Kg8 40.Nxe8 Bxe8 41.Qh6  1-0

[Event "Open"]
[Site "Predeal ROM"]
[Date "2006.08.18"]
[Round "9"]
[White "Baratosi,D"]
[Black "Jianu,V"]
[Result "0-1"]
[WhiteElo "2329"]
[BlackElo "2491"]

1.e4 c5 2.c3 Nf6 3.e5 Nd5 4.d4 cxd4 5.Nf3 e6 6.cxd4 d6 7.Bc4 Nc6 8.O-O Be7
9.a3 O-O 10.Bd3 Bd7 11.Re1 Rc8 12.exd6 Bxd6 13.Nc3 Nf6 14.Bg5 Be7 15.Qe2 Qa5
16.Ne4 Nd5 17.Bxe7 Ncxe7 18.Nc5 Bc6 19.b4 Qc7 20.Ng5 h6 21.Ncxe6 fxe6 22.Qxe6+ Kh8
23.Nf7+ Rxf7 24.Qxf7 Ng8 25.Qf5 Ngf6 26.Rac1 a6 27.Re6 Qd8 28.Qe5 Bd7 29.Rxc8 Qxc8
30.Rd6 Qc1+ 31.Bf1 Bb5  0-1

[Event "Independence Cup A"]
[Site "Kyiv UKR"]
[Date "2006.08.19"]
[Round "7"]
[White "Pavlov,S2"]
[Black "Baryshpolets,A"]
[Result "1-0"]
[WhiteElo "2415"]
[BlackElo "2251"]

1.e4 c5 2.c3 Nf6 3.e5 Nd5 4.Nf3 e6 5.d4 cxd4 6.cxd4 b6 7.Bd3 Bb4+ 8.Bd2 Bxd2+
9.Qxd2 Ba6 10.Be4 Nc6 11.Bxd5 exd5 12.Nc3 Ne7 13.a4 O-O 14.Nb5 Bxb5 15.axb5 d6
16.O-O Ng6 17.Qb4 dxe5 18.dxe5 Re8 19.Rfe1 Qd7 20.h3 Rac8 21.Qd6 Qxd6 22.exd6 Rxe1+
23.Rxe1 Rd8 24.Nd4 Kf8 25.Nf5 Nf4 26.Re7 Rxd6 27.Rxa7 Rd8 28.Nd4 Ke8 29.Nc6 Rd6
30.Ra8+ Kd7 31.Rf8 Ke6 32.Re8+ Kf6 33.Re3 g5 34.h4 h6 35.Nd4 Kg6 36.Rf3 Ne6
37.h5+ Kxh5 38.Rf6 g4 39.f4 gxf3 40.Nxf3 d4 41.Ne5 Kg5 42.Rxh6 Kxh6 43.Nxf7+ Kg6
44.Nxd6 Nc7 45.Kf2 Kf6 46.Ke2 Ke5 47.Nc4+ Ke4 48.Nxb6 Nxb5 49.Nd7 Nd6 50.b3 Nf5
51.Nf6+ Ke5 52.Ng4+ Kf4 53.Nf2 Kg3 54.Ne4+ Kxg2 55.b4  1-0

[Event "Petrovskaja Ladja A1"]
[Site "Peterhof RUS"]
[Date "2006.08.19"]
[Round "10"]
[White "Karpov,Alexa"]
[Black "Malysheva,P"]
[Result "1-0"]
[WhiteElo "2352"]
[BlackElo "2323"]

1.e4 c5 2.c3 Nf6 3.e5 Nd5 4.Nf3 Nc6 5.d4 cxd4 6.Bc4 e6 7.cxd4 d6 8.O-O Be7
9.Qe2 O-O 10.Nc3 dxe5 11.dxe5 Nxc3 12.bxc3 Qa5 13.Rb1 Rb8 14.Rb5 Qa4 15.Bb3 Qg4
16.Bc2 a6 17.Rb1 Qh5 18.Be4 Nxe5 19.Bf4 f6 20.Bxe5 fxe5 21.Qc4 Bd6 22.Rb6 Ba3
23.Qc7 Ra8 24.Rd1 Rf4 25.Rd8+ Bf8 26.Rxc8 Rxc8 27.Qxc8 Rxe4 28.Qxe6+ Kh8
29.Rxb7 Qg5 30.g3 Qf6 31.Qxf6 gxf6 32.Rf7 Bc5 33.Kf1 Ra4 34.Rxf6 e4 35.Nd4 Rxa2
36.Rc6 Bxd4 37.cxd4 Kg7 38.Re6 a5 39.Rxe4 Kf6 40.Re5 a4 41.Ra5 a3 42.Kg2 Ke6
43.Rh5 Rd2 44.Rxh7 Kd5 45.Ra7 a2 46.Ra4 Kc6 47.h4 Kb5 48.Ra8 Kb4 49.h5 Kb3
50.h6 Rxd4 51.h7 Rd8 52.Rxd8  1-0

[Event "Stukkenjagers Weekend"]
[Site "Tilburg NED"]
[Date "2006.08.19"]
[Round "2"]
[White "De Wit,M"]
[Black "De Coninck,R"]
[Result "1-0"]
[WhiteElo "2255"]
[BlackElo "2087"]

1.e4 c5 2.c3 Nf6 3.e5 Nd5 4.d4 cxd4 5.Nf3 e6 6.cxd4 d6 7.Nc3 Nxc3 8.bxc3 Qc7
9.Bb2 Nc6 10.exd6 Bxd6 11.Bd3 e5 12.O-O O-O 13.Re1 h6 14.Qe2 Re8 15.c4 Bb4
16.d5 Bxe1 17.Rxe1 Nb4 18.Bxe5 Qa5 19.Qd2 Qa3 20.Bb2 Rxe1+ 21.Nxe1 Qa4 22.Bb1 Bd7
23.a3 Na6 24.Qc3  1-0

[Event "Acropolis Women's Open"]
[Site "Athens GRE"]
[Date "2006.08.20"]
[Round "8"]
[White "Stavropoulou,K"]
[Black "Paganoglou,A"]
[Result "0-1"]
[WhiteElo "1996"]
[BlackElo "1935"]

1.e4 c5 2.c3 Nf6 3.e5 Nd5 4.d4 cxd4 5.cxd4 e6 6.Nc3 d6 7.Nxd5 exd5 8.Bb5+ Nc6
9.Qe2 Be7 10.Ba4 Qa5+ 11.Bd2 Qxa4 12.exd6 O-O 13.dxe7 Re8 14.Nf3 Bg4 15.Be3 Rxe7
16.Qd1 Qb4+ 17.Qd2 Bxf3 18.gxf3 Qxd4 19.Qxd4 Nxd4 20.O-O-O Nxf3 21.Rxd5 f6
22.h3 b6 23.Rhd1 Rc8+ 24.Kb1 Kf7 25.Rd6 Rc4 26.R6d3 Ne5 27.Rd4 Rxd4 28.Rxd4 h5
29.a4 g5 30.b4 Nf3 31.Rc4 Rxe3  0-1

[Event "9th Open"]
[Site "Banyoles ESP"]
[Date "2006.08.20"]
[Round "5"]
[White "Tiviakov,S"]
[Black "Fluvia,J"]
[Result "1-0"]
[WhiteElo "2668"]
[BlackElo "2482"]

1.e4 c5 2.c3 Nf6 3.e5 Nd5 4.Nf3 e6 5.d4 cxd4 6.cxd4 b6 7.Bd3 Ba6 8.O-O Be7
9.Nc3 Nxc3 10.bxc3 Bxd3 11.Qxd3 O-O 12.Bf4 h6 13.d5 Bc5 14.Rad1 Qc8 15.c4 Na6
16.Rfe1 b5 17.cxb5 Nb4 18.Qd2 Nxd5 19.Bxh6 gxh6 20.Qxh6 Bxf2+ 21.Kxf2 Qc2+
22.Kg1 Qg6 23.Qh4 Kg7 24.Rd4 Rh8 25.Qf2 Rac8 26.Nh4 Qh5 27.Rf1 Kf8 28.h3 Rh7
29.Rg4 Ke7 30.Nf3 Rc3 31.Ng5 Rg7 32.Ne4 Rxg4 33.hxg4 Qxe5 34.Qxf7+ Kd8 35.Nxc3 Qxc3
36.Qf2  1-0

[Event "Lichtenberger Sommer"]
[Site "Berlin GER"]
[Date "2006.08.20"]
[Round "2"]
[White "Mielke,N"]
[Black "Niehaus,F"]
[Result "1-0"]
[WhiteElo "2044"]
[BlackElo "2204"]

1.e4 c5 2.c3 Nf6 3.e5 Nd5 4.Bc4 Nb6 5.Bb3 Nc6 6.Nf3 d5 7.exd6 Qxd6 8.Na3 Be6
9.d4 c4 10.Bc2 g6 11.O-O Bg7 12.b3 O-O 13.Qe2 Na5 14.Nd2 Rac8 15.b4 Nc6 16.Ne4 Qb8
17.Ng5 Nd8 18.Nxe6 Nxe6 19.Be4 Rfd8 20.Qf3 Na4 21.Bd2 Bxd4 22.cxd4 Nxd4 23.Qe3 f5
24.Bc2 Nxc2 25.Nxc2 c3 26.Qe6+ Kh8 27.Bh6 Qd6 28.Rfe1 Qxe6 29.Rxe6 Rd2 30.Rxe7 Rxc2
31.Rae1 Rg8 32.Rxb7 g5 33.h4 Rxa2 34.Ree7  1-0

[Event "XXVI Open A"]
[Site "Bratto ITA"]
[Date "2006.08.20"]
[Round "2"]
[White "Bentivegna,F"]
[Black "Djabri,Z"]
[Result "1-0"]
[WhiteElo "2269"]
[BlackElo "2059"]

1.e4 c5 2.c3 Nf6 3.e5 Nd5 4.d4 cxd4 5.Nf3 e6 6.cxd4 d6 7.Bc4 Nc6 8.O-O Be7
9.Qe2 O-O 10.Nc3 Nxc3 11.bxc3 dxe5 12.dxe5 Qa5 13.Qe4 Qa4 14.Bg5 h6 15.Bxe7 Nxe7
16.Rab1 Rd8 17.Qe2 b6 18.Rb4 Qa5 19.Nd2 Nc6 20.Qe4 Bb7 21.Bd3 Rxd3 22.Qxd3 Ba6
23.Qe4 Qd5 24.Qxd5 exd5 25.Rc1 Nxb4 26.cxb4 Kf8 27.f4 Rc8 28.Rxc8+ Bxc8 29.Kf2 Ke7
30.Ke3 g5 31.g3 gxf4+ 32.gxf4 f6 33.Kd4 Bb7 34.Nb1 Ke6 35.Nc3 fxe5+ 36.fxe5 Bc6
37.b5 Bb7 38.a4 Ba8 39.Na2 h5 40.h4 Bb7 41.Nc3 Ba8 42.Ne2 Kf5 43.Ng3+ Kg6
44.Nxh5 Bb7 45.Nf4+ Kf7 46.h5 Kg7 47.e6  1-0

[Event "VII Open"]
[Site "Tarragona ESP"]
[Date "2006.08.20"]
[Round "2"]
[White "De Sallier,F"]
[Black "Fedorchuk,S"]
[Result "0-1"]
[WhiteElo "2117"]
[BlackElo "2592"]

1.e4 c5 2.c3 Nf6 3.e5 Nd5 4.d4 cxd4 5.Qxd4 e6 6.Nf3 Nc6 7.Qe4 f5 8.Qe2 d6
9.g3 Qc7 10.c4 Nxe5 11.Nxe5 dxe5 12.Bg2 Bb4+ 13.Nd2 Nf6 14.O-O O-O 15.a3 Bc5
16.Nf3 e4 17.Ne1 e5 18.Nc2 Be6 19.b4 Be7 20.c5 b6 21.cxb6 axb6  0-1

[Event "XXVI Open A"]
[Site "Bratto ITA"]
[Date "2006.08.21"]
[Round "3"]
[White "Frilli,G"]
[Black "Mogranzini,R"]
[Result "0-1"]
[WhiteElo "2154"]
[BlackElo "2352"]

1.e4 c5 2.c3 Nf6 3.e5 Nd5 4.Nf3 e6 5.Na3 d6 6.exd6 Bxd6 7.Nc4 Be7 8.d4 cxd4
9.Nxd4 Nd7 10.Bd3 N7f6 11.O-O O-O 12.Qe2 Bd7 13.Ne5 Be8 14.Rd1 Qc7 15.c4 Nb4
16.Bb1 Rd8 17.Bf4 Qb6 18.Ndf3 Rxd1+ 19.Qxd1 Nc6 20.a3 Qxb2 21.Ra2 Qb6 22.Qd3 Qd8
23.Qc2 Nxe5 24.Nxe5 Qa5 25.Qe2 Ba4 26.Rd2 Rd8 27.Rxd8+ Qxd8 28.Be3 a6 29.Bc1 Qd1+
30.Qxd1 Bxd1 31.h3 h6 32.Bb2 Kf8 33.Kf1 Ba4 34.g4 Ke8 35.Ke2 Bf8 36.Kd3 Nd7
37.Nxd7 Kxd7 38.Kc3 Bc6 39.h4 g5 40.hxg5 hxg5 41.Bc1 Bf3 42.Bxg5 Bxa3 43.Be3 Bxg4
44.Kb3 Bd6 45.Be4 Kc7 46.c5 Be5 47.f4 Bg7 48.Kb4 f5 49.Bc2 e5 50.Bb3 Bh6  0-1

[Event "Independence Cup A"]
[Site "Kyiv UKR"]
[Date "2006.08.21"]
[Round "9"]
[White "Kharchenko,B"]
[Black "Kernazhitsky,L"]
[Result "1-0"]
[WhiteElo "2363"]
[BlackElo "2344"]

1.e4 c5 2.c3 Nf6 3.e5 Nd5 4.d4 cxd4 5.Nf3 e6 6.cxd4 d6 7.a3 Bd7 8.Bd3 Bc6
9.O-O Nd7 10.b4 a6 11.Re1 Be7 12.Nbd2 Nc3 13.Qc2 Rc8 14.exd6 Bxd6 15.Qxc3 Bxf3
16.Qb3 Bc6 17.d5 Ne5 18.Be4 Bd7 19.Bb2 Qc7 20.Rac1 Qb8 21.dxe6 Bxe6 22.Rxc8+ Bxc8
23.Bxe5 Bxe5 24.Nf3 Kf8 25.Bd5 Bf6 26.Qe3 Bd7 27.Qc5+ Kg8 28.Bxf7+ Kxf7 29.Qd5+ Kg6
30.Qxd7 Qc8 31.Qd3+ Qf5 32.Qd6 Kh6 33.Nd4 Qd3 34.Qf4+ Kg6 35.Qg4+ Kf7 36.Qe6+ Kg6
37.Nf3 Qc3 38.Ne5+  1-0